000
00292nam a22001217a 4500
008
170912b xxu||||| |||| 00| 0 eng d
041
_a
eng
080
_2
3 ED
_a
53
100
_a
43
101
_a
FIZ
245
_a
PHYSICS FOR SCIENTISTS AND ENGINEERS
_c
SERWAY..R.A
942
_2
udc
_c
BK
999
_c
27267
_d
27267